000 00665nam a2200193 a 4500
003 0
005 20250404140026.0
008 071126s19uu xx 00 eng d
050 _aPHS TD 758
_b.S26 2007
100 _aSanchez, Mandy Carlo P.
245 _aLocally available wood charcoal as aquarium filter /
_cMandy Carlo P. Sanchez.
260 _aLas PiƱas City, Philippines :
_bSouthville International School and Colleges,
_c2007.
300 _a26 pages :
_billustrations ;
_c28 cm.
504 _aIncludes bibliographical references.
650 _aAquarium filters.
650 _aCharcoal
_xUtilization.
650 _aWater
_xPurification.
942 _2lcc
_cPASS
999 _c97881
_d97881